000
00430nam a2200181Ia 4500
008
100917s9999 xx 000 0 und d
082
_b
28012
100
_a
काळे व. पु.
245
_a
वलय
260
_b
भारतीय ग्रंथ भवन
_c
1966
300
_a
186
365
_b
5
520
_a
कथा
630
_a
वलय
650
_a
कथा
730
_a
वलय
942
_c
BOOK
999
_c
633406
_d
633403